00829cam a2200241 a 450000100100000000500170001000800410002704000240006805000220009208200150011410000320012924500610016126000390022230000280026150000160028965000230030570000270032870000280035570000330038370000300041695201260044699900150057200000118820200929145512.0820208s1956 maua 000 0 eng  aDO-SdBNPcNjTSdDLC00aQA39b.B3943 1956 a510bB565e1 aBetz, William,d1879-9404010aEveryday general mathematics /cWilliam Betz... [et al]. aBoston :bGinn and Company,c1956. a435 p. :bil. ;c24 cm. a"Book One". 0aMathematics.940411 aBrown Miller, A.940421 aBrooks Miller, F.940431 aMitchell, Elizabeth B.940441 aCarlisle Taylor, H.94045 001052758DSaBNPHUbBNPHUcHDd2009-09-22iLF1l0o510 B565ep1188-10r2020-06-25w2020-06-25yLF1ZPréstamo interno c1139d1139